<?xml version="1.0" encoding="UTF-8"?><?xml-stylesheet type="text/xsl" href="static/style.xsl"?><OAI-PMH xmlns="http://www.openarchives.org/OAI/2.0/" xmlns:xsi="http://www.w3.org/2001/XMLSchema-instance" xsi:schemaLocation="http://www.openarchives.org/OAI/2.0/ http://www.openarchives.org/OAI/2.0/OAI-PMH.xsd"><responseDate>2026-06-03T03:10:00Z</responseDate><request verb="GetRecord" identifier="oai:riuma.uma.es:10630/17463" metadataPrefix="marc">https://riuma.uma.es/rest/oai/request</request><GetRecord><record><header><identifier>oai:riuma.uma.es:10630/17463</identifier><datestamp>2026-02-03T11:23:41Z</datestamp><setSpec>com_10630_2254</setSpec><setSpec>col_10630_37953</setSpec></header><metadata><record xmlns="http://www.loc.gov/MARC21/slim" xmlns:dcterms="http://purl.org/dc/terms/" xmlns:doc="http://www.lyncode.com/xoai" xmlns:xsi="http://www.w3.org/2001/XMLSchema-instance" xsi:schemaLocation="http://www.loc.gov/MARC21/slim http://www.loc.gov/standards/marcxml/schema/MARC21slim.xsd">
   <leader>00925njm 22002777a 4500</leader>
   <datafield ind2=" " ind1=" " tag="042">
      <subfield code="a">dc</subfield>
   </datafield>
   <datafield ind2=" " ind1=" " tag="720">
      <subfield code="a">Brisset-Martín, Demetrio Enrique</subfield>
      <subfield code="e">author</subfield>
   </datafield>
   <datafield ind2=" " ind1=" " tag="260">
      <subfield code="c">2002</subfield>
   </datafield>
   <datafield ind2=" " ind1=" " tag="520">
      <subfield code="a">A finales del siglo XX, proliferaron estudios sobre las fiestas tradicionales de Moros y Cristianos en España. Un señalado momento fue 1974, cuando tuvo lugar en Villena (Alicante) el I Congreso Nacional de Fiestas de Moros y Cristianos, a resultas del cual se creó la UNDEF (Unión Nacional de Entidades Festeras de Moros y Cristianos) para aglutinar las localidades con similares intereses, que también se propuso divulgar las numerosas investigaciones sobre este complejo cultural Así, organizó otros Congresos Nacionales: el II en Ontinyent (1985) y el III en Murcia (2002). A éste me invitaron a exponer mis investigaciones, en la sección sobre el FONDO, para cubrir el tema: “Los valores culturales de la Fiesta y su trascendencia en el pasado y presente de las poblaciones que la celebran”. Y ésta fue mi intervención, con la que culminé mi etapa de Mocrílogo (estudioso de fiestas de Moros y Cristianos).</subfield>
   </datafield>
   <datafield ind1="8" ind2=" " tag="024">
      <subfield code="a">https://hdl.handle.net/10630/17463</subfield>
   </datafield>
   <datafield tag="653" ind2=" " ind1=" ">
      <subfield code="a">Fiesta de Moros y Cristianos</subfield>
   </datafield>
   <datafield tag="653" ind2=" " ind1=" ">
      <subfield code="a">Antropología cultural y social</subfield>
   </datafield>
   <datafield ind2="0" ind1="0" tag="245">
      <subfield code="a">Valores culturales de la Fiesta de Moros y Cristianos</subfield>
   </datafield>
</record>
</metadata></record></GetRecord></OAI-PMH>